<?xml version="1.0" encoding="UTF-8"?>
<record
    xmlns:xsi="http://www.w3.org/2001/XMLSchema-instance"
    xsi:schemaLocation="http://www.loc.gov/MARC21/slim http://www.loc.gov/standards/marcxml/schema/MARC21slim.xsd"
    xmlns="http://www.loc.gov/MARC21/slim">

  <leader>01571cam a22003497i 4500</leader>
  <controlfield tag="001">001070005577146</controlfield>
  <controlfield tag="003">CZ PrSKC</controlfield>
  <controlfield tag="005">20260428124536.0</controlfield>
  <controlfield tag="007">ta</controlfield>
  <controlfield tag="008">220309s2022    xr a   b 6    000 1 cze d</controlfield>
  <datafield tag="020" ind1=" " ind2=" ">
    <subfield code="a">9788076791091</subfield>
    <subfield code="c">249.00 K&#x10D;</subfield>
  </datafield>
  <datafield tag="040" ind1=" " ind2=" ">
    <subfield code="a">ABG001</subfield>
    <subfield code="b">cze</subfield>
    <subfield code="e">rda</subfield>
  </datafield>
  <datafield tag="041" ind1="1" ind2=" ">
    <subfield code="a">cze</subfield>
    <subfield code="h">jpn</subfield>
  </datafield>
  <datafield tag="072" ind1=" " ind2="7">
    <subfield code="a">741.52</subfield>
    <subfield code="x">Komiksy. Komiksov&#xE9; adaptace</subfield>
    <subfield code="2">Konspekt</subfield>
  </datafield>
  <datafield tag="072" ind1=" " ind2="7">
    <subfield code="a">821-93</subfield>
    <subfield code="x">Literatura pro d&#x11B;ti a ml&#xE1;de&#x17E; (beletrie)</subfield>
    <subfield code="2">Konspekt</subfield>
  </datafield>
  <datafield tag="100" ind1="1" ind2=" ">
    <subfield code="a">Kusaka, Hidenori,</subfield>
    <subfield code="d">1970-</subfield>
    <subfield code="4">aut</subfield>
    <subfield code="9">17970</subfield>
  </datafield>
  <datafield tag="245" ind1="1" ind2="0">
    <subfield code="a">Pok&#xE9;mon :</subfield>
    <subfield code="b">Red a Blue /</subfield>
    <subfield code="c">sc&#xE9;n&#xE1;&#x159; Hidenori Kusaka ; kresba Mato ; p&#x159;eklad: Maty&#xE1;&#x161; Anton</subfield>
  </datafield>
  <datafield tag="246" ind1="3" ind2="3">
    <subfield code="a">Red a Blue</subfield>
  </datafield>
  <datafield tag="264" ind1=" " ind2="1">
    <subfield code="a">V Praze :</subfield>
    <subfield code="b">Crew,</subfield>
    <subfield code="c">2022</subfield>
  </datafield>
  <datafield tag="300" ind1=" " ind2=" ">
    <subfield code="a">209 stran :</subfield>
    <subfield code="b">ilustrace ;</subfield>
    <subfield code="c">19 cm</subfield>
  </datafield>
  <datafield tag="490" ind1="1" ind2=" ">
    <subfield code="a">Crew manga</subfield>
  </datafield>
  <datafield tag="500" ind1=" " ind2=" ">
    <subfield code="a">Ti&#x161;t&#x11B;no zprava doleva ve stylu manga</subfield>
  </datafield>
  <datafield tag="500" ind1=" " ind2=" ">
    <subfield code="a">P&#x159;elo&#x17E;eno z japon&#x161;tiny?</subfield>
  </datafield>
  <datafield tag="500" ind1=" " ind2=" ">
    <subfield code="a">Na h&#x159;betu a ob&#xE1;lce ozna&#x10D;en&#xED;: 7</subfield>
  </datafield>
  <datafield tag="520" ind1="2" ind2=" ">
    <subfield code="a">Komiksov&#xFD; p&#x159;&#xED;b&#x11B;h inspirovan&#xFD; slavn&#xFD;m sv&#x11B;tem Pok&#xE9;mon&#x16F; a slavnou videohrou.</subfield>
    <subfield code="b">Z&#xE1;pasy na &#x160;arlatov&#xE9;m ostrov&#x11B; vrchol&#xED;! Zat&#xED;mco se na boji&#x161;ti zni&#x10D;ehonic objevuje zmizel&#xFD; Red, Yellow s Blainem, kter&#xE9; strhla voda do hlubin ostrova, kone&#x10D;n&#x11B; nar&#xE1;&#x17E;&#xED; na v&#x16F;dce Elitn&#xED; &#x10D;ty&#x159;ky, Lance. A z&#xE1;pasy na sebe nenechaj&#xED; dlouho &#x10D;ekat! Nakladatelsk&#xE1; anotace. Kr&#xE1;ceno.</subfield>
  </datafield>
  <datafield tag="653" ind1="0" ind2=" ">
    <subfield code="a">japonsk&#xE1; tvorba</subfield>
    <subfield code="a">fantasy</subfield>
    <subfield code="a">manga</subfield>
    <subfield code="a">p&#x159;&#xED;b&#x11B;hy pro d&#x11B;ti</subfield>
    <subfield code="a">po&#x10D;&#xED;ta&#x10D;ov&#xE9; hry</subfield>
    <subfield code="a">Pok&#xE9;moni</subfield>
    <subfield code="a">z&#xE1;pasy</subfield>
    <subfield code="a">bitvy</subfield>
  </datafield>
  <datafield tag="655" ind1=" " ind2="4">
    <subfield code="a">comics</subfield>
    <subfield code="9">93</subfield>
  </datafield>
  <datafield tag="700" ind1="0" ind2=" ">
    <subfield code="a">Mato</subfield>
    <subfield code="c">(ilustr&#xE1;torka)</subfield>
    <subfield code="4">ill</subfield>
    <subfield code="9">17971</subfield>
  </datafield>
  <datafield tag="700" ind1="1" ind2=" ">
    <subfield code="a">Anton, Maty&#xE1;&#x161;</subfield>
    <subfield code="4">trl</subfield>
    <subfield code="9">17972</subfield>
  </datafield>
  <datafield tag="910" ind1=" " ind2=" ">
    <subfield code="a">ABG508</subfield>
  </datafield>
  <datafield tag="952" ind1=" " ind2=" ">
    <subfield code="1">0</subfield>
    <subfield code="2">udc</subfield>
    <subfield code="4">0</subfield>
    <subfield code="0"></subfield>
  </datafield>
  <datafield tag="999" ind1=" " ind2=" ">
    <subfield code="c">34232</subfield>
    <subfield code="d">34232</subfield>
  </datafield>
</record>
